L’experience de la mobilité de l’Antiquité à nos jours, entre precarité et confiance
Ce livre constitue le premier volet d’une petite anthropologie du mouvement, transdisciplinaire, transpériodique, et résolument comparatiste. Le champ de l’enquête est celui du vécu, de l’expérience migratoire dans le moment même du déplacement, dans cet « entre-deux », défini à la fois comme l’espa...
Sábháilte in:
| Príomhchruthaitheoir: | |
|---|---|
| Rannpháirtithe: | |
| Formáid: | Anaithnid |
| Teanga: | Béarla |
| Foilsithe / Cruthaithe: |
Bordeaux, France:
Ausonius Éditions,
2021.
|
| Sraith: | Scripta Antiqua;
148 |
| Ábhair: | |
| Clibeanna: |
Cuir clib leis
Níl clibeanna ann, Bí ar an gcéad duine le clib a chur leis an taifead seo!
|
MARC
| LEADER | 00000 a2200000 4500 | ||
|---|---|---|---|
| 003 | CL-VaPUC | ||
| 005 | 20220224114004.0 | ||
| 008 | 211118b2021 ||||| |||| 00| 0 eng d | ||
| 999 | |c 434165 |d 434163 | ||
| 020 | |a 9782356134257 | ||
| 040 | |c Pontificia Universidad Católica de Valparaíso | ||
| 082 | |a 304.809 MOA 2021 |2 22 | ||
| 100 | |a Moatti, Claudia |e autora |9 599451 | ||
| 245 | 1 | 3 | |a L’experience de la mobilité de l’Antiquité à nos jours, entre precarité et confiance |
| 260 | |a Bordeaux, France: |b Ausonius Éditions, |c 2021. | ||
| 300 | |a 376 páginas. | ||
| 440 | |x 1298-1990 |9 865143 | ||
| 490 | |a Scripta Antiqua; |v 148 | ||
| 500 | |a Incluye artículos científicos en inglés y francés. | ||
| 500 | |a Referencias bibliográficas a pie de página. | ||
| 505 | 0 | |a Première partie : statuts de L'entre-deux. Deuxième partie : risques de l'entre-deux. Troisième partie : figures de l'entre-deux: passeurs, guides et autres intermédiaires. Quatrième partie : topographie des migrants. Cinquième partie : changements statutaires et cognitifs. | |
| 520 | |a Ce livre constitue le premier volet d’une petite anthropologie du mouvement, transdisciplinaire, transpériodique, et résolument comparatiste. Le champ de l’enquête est celui du vécu, de l’expérience migratoire dans le moment même du déplacement, dans cet « entre-deux », défini à la fois comme l’espace-temps du mouvement, où tout peut arriver, où l’horizon est indéfiniment reporté, et comme l’espace relationnel, fait de méfiance ou de confiance, qui se crée entre les migrants et ceux qu’ils rencontrent. Sur les chemins, au seuil des lieux habités, l’incertitude peut inspirer à certains le sens de l’aventure, mais se révèle le plus souvent source de précarit. | ||
| 583 | |k Yessy Sthefany Díaz Vidal. |c 20211209 | ||
| 650 | 0 | |a Migraciones - Historia |9 463450 | |
| 650 | 0 | |a Movimientos poblacionales |9 490213 | |
| 650 | 0 | |a Precariedad |9 714667 |x migración | |
| 700 | |a Chevreau, Emmanuelle |e direction |9 864722 | ||
| 942 | |2 ddc |c BK | ||
| 952 | |0 0 |1 0 |2 ddc |4 0 |6 304_809000000000000_MOA_2021 |7 0 |8 A |9 579341 |a BIBHIS |b BIBHIS |d 2021-11-18 |e 2 |g 38868.00 |i 5626900 |o 304.809 MOA 2021 |p 5626900 |r 2025-01-20 |t 1 |v 38868.00 |w 2021-11-18 |y BK |k HIS | ||